Electronics for scientists and engineers

Uloženo v:
Podrobná bibliografie
Hlavní autor: Benedict, Reginald Ralph
Médium: Kniha
Jazyk:English
Vydáno: Englewood Cliffs, N.J., Prentice-Hall 1967
Témata:
Tagy: Přidat tag
Žádné tagy, Buďte první, kdo vytvoří štítek k tomuto záznamu!

MARC

LEADER 00000nam a2200000Ia 4500
003 001893
005 20221231143943.0
008 140114s1967 njua 000 ||eng d
040 |c cru CEDI 
082 |a 621.381 B463e 
100 |a Benedict, Reginald Ralph.  |9 20728 
245 |a Electronics for scientists and engineers 
260 |a Englewood Cliffs, N.J., Prentice-Hall  |c  1967 
300 |a  xix, 635 páginas :ilustraciones. 24 cm. 
650 |x INGENIERÍA ELÉCTRICA   |x ELECTRONICA  |9 20729 
942 |2 ddc  |c BK 
999 |c 14733  |d 14733